Piliere štíhleho a inovatívneho podniku

Charakteristika štíhlej administratívy. Hlavné prínosy uplatnenia štíhlych princípov v podnikových administratívnych procesoch. Štíhla výroba a výhody z nej plynúce. Štíhly marketing. Zásady štíhleho vývoja. Štíhla logistika.

Guardado en:
Detalles Bibliográficos
Autor principal: Krištanová, Anna
Otros Autores: Dugas, Jaroslav, 1967-, Zahumenský, Peter
Formato: Capítulo de libro
Lenguaje:eslovaco
Materias:
Etiquetas: Agregar Etiqueta
Sin Etiquetas, Sea el primero en etiquetar este registro!

MARC

LEADER 00000naa$a2200000$$$4500
001 0248736
005 20240502073958.6
041 0 |a slo 
044 |a SK 
245 1 0 |a Piliere štíhleho a inovatívneho podniku  |c Anna Krištanová, Jaroslav Dugas, Peter Zahumenský 
520 |a Charakteristika štíhlej administratívy. Hlavné prínosy uplatnenia štíhlych princípov v podnikových administratívnych procesoch. Štíhla výroba a výhody z nej plynúce. Štíhly marketing. Zásady štíhleho vývoja. Štíhla logistika. 
610 2 0 |a podnik 
610 2 0 |a riadenie podnikové 
610 2 0 |a administratíva 
610 2 0 |a metódy riadenia 
610 2 0 |a výroba štíhla 
610 2 0 |a marketing 
610 2 0 |a logistika 
610 2 0 |a vývoj 
100 1 |a Krištanová, Anna 
700 1 |a Dugas, Jaroslav, 1967- 
700 1 |a Zahumenský, Peter